[Event "SRI-chB (Women)"]
[Site "Colombo"]
[Date "2014.02.28"]
[Round "6"]
[White "Saumy, Zainab"]
[Black "Kariyapperuma, CP."]
[Result "1/2-1/2"]
[WhiteElo "1422"]
[BlackElo "1552"]
[PlyCount "60"]
[EventDate "2014.02.26"]
[EventType "swiss"]
[EventRounds "10"]
[EventCountry "SRI"]
[SourceTitle "CBM 159 Extra"]
[Source "ChessBase"]
[SourceDate "2014.04.24"]
[SourceVersion "1"]
[SourceVersionDate "2014.04.24"]
[SourceQuality "1"]

1. e4 c6 2. d4 d5 3. Nc3 dxe4 4. Nxe4 Bf5 5. Ng3 Bg6 6. Nf3 Nd7 7. h4 h6 8. h5 Bh7 9. Bd3 Bxd3 10. Qxd3 Ngf6 11. Bd2 e6 12. 0-0-0 Bd6 13. Ne4 Nxe4 14. Qxe4 Nf6 15. Qd3 Qc7 16. Kb1 0-0-0 17. Rdg1 Nd5 18. g4 Bf4 19. g5 Bxd2 20. Qxd2 Ne7 21. Qe3 Nf5 22. Qe5 Nxd4 23. Qxc7+ Kxc7 24. Ne5 Rdf8 25. gxh6 gxh6 26. Rg7 Nf5 27. Rxf7+ Rxf7 28. Nxf7 Rf8 29. Ne5 Rg8 30. Ng6 Rd8 1/2-1/2